000 00734cam a2200229 a 4500
001 4504847
005 20180104093657.0
008 980303s1999 njua b 001 0 eng
010 _a 98004433
020 _a0130953075
040 _aDLC
_cDLC
_dDLC
041 _aeng
080 _a371.9 LEW
082 0 0 _a371.9 LEW
_221
100 1 _a46
101 _aEDU
245 1 0 _aTeaching special students in general education classrooms /
_cRena B. Lewis, Donald H. Doorlag.
504 _aIncludes bibliographical references (p. 481-501) and indexes.
906 _a7
_bcbc
_corignew
_d1
_eocip
_f19
_gy-gencatlg
942 _2ddc
_cBK
999 _c39783
_d39783